000 00629nam a2200241 a 4500
001 nice12345678
003 IN_TiNIC
005 20260116011352.0
008 050524s1845 cala grp 000 0 ara
020 _a
_c100
082 0 0 _a297.403
_bSPR1
100 _aSprenger, Alloy
245 _aAbdur-Razzaq`s Dictionary of the Technical Terms of the Sufies
260 _aCalcutta
_bMadresah of Calcutta
_c1845
300 _a176p
500 _aincludes index and biblioraphy
505 2 _aIndex, Illus
650 _aSufism-Dictionary-Arabic
700 1 _aSprenger, Alloy
902 _bRBA
942 _cBK
999 _c922
_d922